Complejo industrial de pulpa para el papel. Planta C: Blanqueo

Kaydedildi:
Detaylı Bibliyografya
Yazar: Víquez Rodríguez, Nelson
Materyal Türü: Bilinmiyor
Baskı/Yayın Bilgisi: [San José, Costa Rica] 1978
Konular:
Etiketler: Etiketle
Etiket eklenmemiş, İlk siz ekleyin!

MARC

LEADER 00000 a2200000 4500
003 000843
005 20221231143734.0
008 140114s1978 c a m 000 ||s d
040 |c cru CEDI 
090 |a TFG 794 
100 |a Víquez Rodríguez, Nelson  |9 16309 
245 |a Complejo industrial de pulpa para el papel. Planta C: Blanqueo 
260 |c 1978  |a [San José, Costa Rica] 
300 |a  177 hojas : ilustraciones (algunas plegables) ; 29 cm  
500 |a  Tesis (licenciatura en ingenieria quimica)--Universidad de Costa Rica.  
650 |x PULPA DE   |x PAPEL - INDUSTRIA Y COMERCIO  |9 16308 
942 |c TFG 
999 |c 11084  |d 11084